La question du Transvaal / (Record no. 160592)

MARC details
000 -LEADER
campo de control de longitud fija 00608nam a22001695i 4500
001 - NÚMERO DE CONTROL
campo de control 160592
003 - IDENTIFICADOR DE NÚMERO DE CONTROL
campo de control ES-MaACL
005 - FECHA Y HORA DE LA ÚLTIMA TRANSACCIÓN
campo de control 20230906212101.0
008 - DATOS DE LONGITUD FIJA--INFORMACIÓN GENERAL
campo de control de longitud fija 040929s1899 sz |||| | fre d
040 ## - FUENTE DE CATALOGACIÓN
Centro catalogador/agencia de origen CAM
Lengua de catalogación spa
Centro/agencia transcriptor CAM
100 1# - ENTRADA PRINCIPAL--NOMBRE DE PERSONA
Nombre de persona Naville, Edouard.
9 (RLIN) 130429
245 13 - MENCIÓN DEL TÍTULO
Título La question du Transvaal /
Mención de responsabilidad, etc. par Edouard Naville.
260 ## - PUBLICACIÓN, DISTRIBUCIÓN, ETC.
Lugar de publicación, distribución, etc. Genève :
Nombre del editor, distribuidor, etc. [s.n.],
Fecha de publicación, distribución, etc. 1899 (
Fabricante Imprimerie Suisse)
300 ## - DESCRIPCIÓN FÍSICA
Extensión 31 p. ;
Dimensiones 21 cm.
651 #4 - PUNTO DE ACCESO ADICIONAL DE MATERIA--NOMBRE GEOGRÁFICO
Nombre geográfico Transvaal-
Subdivisión general Historia-
Subdivisión cronológica 1880-1910.
9 (RLIN) 147776
852 ## - LOCALIZACIÓN
Ubicación ES-MaACL
Número de control de estantería T-917-F-2
Nota libre -- Enc. hol., conservando la cub. original
-- -- Donativo Luchesi
-- -- Enc. en un vol. facticio
Holdings
Estatus retirado Estado de pérdida Estado de daño No para préstamo Colección Biblioteca de origen Biblioteca actual Ubicación en estantería Fecha de adquisición Total de préstamos Signatura topográfica completa Código de barras Visto por última vez Precio de reemplazo Tipo de ítem Koha
        Colección de folletos Biblioteca del Ateneo de Madrid Biblioteca del Ateneo de Madrid Depósito folletos 17/01/2008   T-917-F-2 1168153 23/02/2023 23/02/2023 Folleto